| 000 | 00842nam a22002057a 4500 | ||
|---|---|---|---|
| 999 |
_c194499 _d194499 |
||
| 005 | 20230328105405.0 | ||
| 010 | _aB-748066-071 E.N.A./7.11.22 | ||
| 020 |
_a9780192849656 _c1295.00 |
||
| 035 | _aB-748066-071 | ||
| 037 | _bUppal | ||
| 082 | _a331.13795463 | ||
| 100 | _a Bilal Ahmad Khan | ||
| 245 |
_aJammu & Kashmir: _bLevels, Issues, and Prospects of Employment Generation/ _cBilal Ahmad Khan |
||
| 260 |
_aU.K. _bOxford University Press _c2022 |
||
| 270 |
_aGreat Clarendon Street, Oxford, _bU.K. _eOX2 6DP |
||
| 300 |
_a263p. _c22cm(hbk) |
||
| 500 | _ainclude bibliography | ||
| 942 |
_2ddc _cEN _mBIL _h331.13795463 |
||